Biggest Christian Cities of Iberia in 1000 with a Map - Statistics

General Stats
  • This quiz has been taken 563 times
  • The average score is 9 of 18
Answers on the Map
Answers color-coded by a green-red scale on the quiz's map according to % correct below.
 
Answer Stats
Population Cities % Correct
5k Barcinona (Barcelona)
96%
9k Portucale (Porto)
94%
15k Legio (León)
80%
4k Pampilona (Pamplona)
69%
6k Vallatolit (Valladolid)
66%
3k Sanct Iacobus (Santiago de Compostela)
63%
4k Gerunda (Girona)
60%
4k Brachara (Braga)
57%
18k Burgos
57%
3k Sanct Endere (Santander)
57%
5k Salmantica (Salamanca)
55%
4k Semura (Zamora)
33%
3k Ponte Vetera (Pontevedra)
32%
4k Palentia (Palencia)
28%
3k Astorica (Astorga)
17%
3k Vicus (Vic)
16%
3k Taurum (Toro)
15%
4k Aquae Calidae (Chaves)
12%
No matching quizzes found
Score Distribution
Percent of People with Each Score
Percentile by Number Answered
Your Score History
You have not taken this quiz